Resistance reimagined : black women's critical thought as survival /

The book analyzes black women's engagement with the liberal problematic, the gap between democratic promise and dispossession, as a form of resistance.

Bibliographic Details
Main Author: Fox, Regis M. (Author)
Format: Book
Language:English
Published: Gainesville : University Press of Florida, [2017]
Subjects:

MARC

Tag First Indicator Second Indicator Subfields
LEADER 00000cam a2200000 i 4500
001 in00003904521
005 20180430075604.0
008 170625t20172017flua b 001 0 eng c
010 |a  2017030400 
020 |a 9780813056586  |q hardcover :  |q alkaline paper 
020 |a 0813056586  |q hardcover :  |q alkaline paper 
035 |a (OCoLC)ocn993622908 
040 |a DLC  |e rda  |c DLC  |d TXA  |d UtOrBLW 
049 |a TXAM 
050 0 0 |a E185.86  |b .F676 2017 
082 0 0 |a 305.48/896073  |2 23 
100 1 |a Fox, Regis M.,  |e author.  |0 http://id.loc.gov/authorities/names/no2017086564 
245 1 0 |a Resistance reimagined :  |b black women's critical thought as survival /  |c Regis M. Fox. 
264 1 |a Gainesville :  |b University Press of Florida,  |c [2017] 
264 4 |c ©2017 
300 |a xviii, 191 pages :  |b illustrations ;  |c 24 cm. 
336 |a text  |b txt  |2 rdacontent 
337 |a unmediated  |b n  |2 rdamedia 
338 |a volume  |b nc  |2 rdacarrier 
504 |a Includes bibliographical references and index. 
505 0 |a Prologue: Naming black women's ideology critique -- Introduction: Resistance and legitimacy -- "They won't believe what i say": theorizing freedom as an economy of violence -- The production of "emancipation": race, ritual, and the reconstitution of the antebellum order -- "Wondering under which head i come": sounding Anna Julia Cooper's Fin-de-Siècle song -- "Mammy ain't nobody name": Power, privilege and the bodying forth of resistance -- Conclusion: Roll call. 
520 |a The book analyzes black women's engagement with the liberal problematic, the gap between democratic promise and dispossession, as a form of resistance. 
650 0 |a African American women  |x History.  |0 http://id.loc.gov/authorities/subjects/sh2009114001 
650 0 |a African American women  |x Political activity  |x History. 
650 0 |a African American women civil rights workers  |x History. 
650 0 |a African Americans  |x Civil rights  |x History.  |0 http://id.loc.gov/authorities/subjects/sh2007100329 
650 0 |a African American women political activists  |x History. 
650 0 |a African Americans  |x Social life and customs.  |0 http://id.loc.gov/authorities/subjects/sh85001987 
945 |a PromptCat 
948 |a cataloged  |b h  |c 2018/1/26  |d c  |e dmitchel  |f 10:00:00 am 
994 |a C0  |b TXA 
999 f f |s 624e3f38-af3d-3bda-8636-6dec57bed176  |i e45fd768-d083-3e40-b819-3d307c54d53e  |t 0 
952 f f |p normal  |a Texas A&M University  |b College Station  |c Sterling C. Evans Library  |d Evans: Library Stacks  |t 0  |e E185.86 .F676 2017  |h Library of Congress classification  |i unmediated -- volume  |m A14850296501 
998 f f |a E185.86 .F676 2017  |t 0  |l Evans: Library Stacks